Geopolitické a vnútropolitické aspekty vývoja ukrajinského štátu

Bibliographic Details
Main Author: Duleba, Alexander, 1966- (Author)
Format: Article
Language:Slovak
Subjects:

MARC

LEADER 00000nab a2200000 a 4500
001 vtls000460530
003 SK-MaSNL
005 20260304051927.0
008 230120c1992 xo 0 slo
015 |a SNBRB19rr/mm-uuuuu 
035 |a CL0460662 
035 |a urn:nbn:sk:snk-ab7b0j 
035 |a (uuid)0c6396b5-1c49-4e2e-8bf7-060c7f8fa004 
035 |a (urnnbn)urn:nbn:sk:snk:ar-a07eef 
035 |a (sysno)vtls000460530 
040 |a SNKBUCL  |b slo  |c SNKBUCL  |e AACR2 
041 0 |a slo 
044 |a xo  |c SK 
080 |a 323(477)  |2 1981 
100 1 |a Duleba, Alexander,  |d 1966-  |4 aut  |9 109162 
245 1 0 |a Geopolitické a vnútropolitické aspekty vývoja ukrajinského štátu  |c Alexander Duleba 
650 0 7 |a vnútorná politika  |2 snkbucl  |9 970 
651 7 |a Ukrajina  |2 snkbucl  |9 168045 
655 7 |a články z novín a časopisov  |2 snkbucl  |9 267496 
773 0 |t Medzinárodné otázky  |g Roč. 1, č. 2 (1992), s. 17-26 
850 |a Slovenská národná knižnica v Martine  |a MTA001 
852 |a SNK  |b KIS3GCP 
954 |a odborná, vedecká literatúra pôvodná (slovenská)  |2 lita 
958 |a OND 
958 |a RK 
958 |a SU 
958 |a EUIPO 
958 |a article2022 
992 |a RBX 
999 |c 2705708  |d 2707638